|
|
|
|
| LEADER |
05051nam a22005055i 4500 |
| 001 |
978-3-319-04340-1 |
| 003 |
DE-He213 |
| 005 |
20151204173848.0 |
| 007 |
cr nn 008mamaa |
| 008 |
140530s2014 gw | s |||| 0|eng d |
| 020 |
|
|
|a 9783319043401
|9 978-3-319-04340-1
|
| 024 |
7 |
|
|a 10.1007/978-3-319-04340-1
|2 doi
|
| 040 |
|
|
|d GrThAP
|
| 050 |
|
4 |
|a RD137-139
|
| 072 |
|
7 |
|a MNC
|2 bicssc
|
| 072 |
|
7 |
|a MJW
|2 bicssc
|
| 072 |
|
7 |
|a MED085000
|2 bisacsh
|
| 072 |
|
7 |
|a MED069000
|2 bisacsh
|
| 082 |
0 |
4 |
|a 617.98
|2 23
|
| 245 |
1 |
0 |
|a Pediatric Surgery
|h [electronic resource] :
|b Diagnosis and Treatment /
|c edited by Christopher P. Coppola, Alfred P. Kennedy, Jr., Ronald J. Scorpio.
|
| 264 |
|
1 |
|a Cham :
|b Springer International Publishing :
|b Imprint: Springer,
|c 2014.
|
| 300 |
|
|
|a XXVIII, 482 p. 53 illus., 10 illus. in color.
|b online resource.
|
| 336 |
|
|
|a text
|b txt
|2 rdacontent
|
| 337 |
|
|
|a computer
|b c
|2 rdamedia
|
| 338 |
|
|
|a online resource
|b cr
|2 rdacarrier
|
| 347 |
|
|
|a text file
|b PDF
|2 rda
|
| 505 |
0 |
|
|a Part 1. Perioperative Issues -- 1.Fluids and Electrolytes -- 2. Nutrition -- 3. Pediatric Anesthesiology -- 4. Procedural Sedation -- 5. Postoperative Neonatal and Pediatric Critical Care.- 6. Disorders of Clotting.- Part 2. Trauma -- 7. Epidemiology of Trauma -- 8. Injury Prevention and Safety -- 9. Non-Accidental Trauma -- 10. Initial Trauma Assessment -- 11. Pathophysiology of Brain Injury -- 12. Algorithm of Treatment for Head Trauma -- 13. Thoracic Trauma -- 14. Abdominal Trauma -- 15. Traumatic Spinal Injury in Children -- 16. Burns -- 17. Pelvic Fractures -- 18. Common Pediatric Fractures -- Part 3. Common Neonatal Problems -- 19. Necrotizing Enterocolitis -- 20. Congenital Diaphragmatic Hernia -- 21. Esophageal Atresia and Tracheoesophageal Fistula -- 22. Pyloric Stenosis -- 23. Duodenal Atresia -- 24. Intestinal Atresia -- 25. Hirschsprung's Disease -- 26. Malrotation -- 27. Gastroschisis -- 28. Omphalocele -- 29. Imperforate Anus and Cloaca -- 30. Congenital Lung Malformations -- 31. Meconium Plug Syndrome and Meconium Ileus -- 32. Hypospadias -- 33. Disorders of Sexual Differentiation -- 34. Biliary Atresia.- Part 4. Common Problems of Infancy -- 35. Inguinal Hernia/Hydrocele -- 36. Umbilical Hernia -- 37. Intussusception -- 38. Foreign Body Ingestion and Aspiration -- 39. Branchial Cleft Remnants -- 40. Choledochal Cyst -- 41. Thyroglossal Duct Cyst -- 42. Renal Duplication Anomalies -- 43. Cryptorchidism -- 44. Vesicoureteral Reflux -- 45. Megaureter -- 46. Ureteropelvic Junction Obstruction -- 47. Gastroesophageal Reflux Disease -- 48. Gastrointestinal Bleeding -- 49. Vascular Rings and Slings -- Part 5. Common Problems in School Age Children -- 50. Lymphadenopathy -- 51. Appendicitis -- 52. Hereditary Spherocytosis -- 53. Idiopathic Thrombocytopenic Purpura -- 54. Thrombotic Thrombocytopenic Purpura -- 55. Sickle Cell Anemia -- Part 6. Common Adolescent Problems -- 56. Gynecomastia -- 57. Pectus Deformity -- 58. Imperforate Hymen -- 59. Inflammatory Bowel Disease -- 60. Multiple Endocrine Neoplasia Syndromes -- 61. Thyroid Nodules -- 62. Breast Nodules -- 63. Adrenal Tumors -- 64. Pancreatitis -- 65. Gallbladder Disease -- 66. Varicocele -- 67. Acute Scrotum -- 68. Pediatric Urolithiasis -- Part 7. Common Neoplasms in Children -- 69. Wilms' Tumor -- 70. Neuroblastoma -- 71. Hepatoblastoma -- 72. Leukemia -- 73. Rhabdomyosarcoma -- Part 8. Surgical Procedures -- 74. Parenteral Access -- 75. Enteral Access -- 76. Chest Tube -- 77. Scoliosis Exposure -- 78. Ventriculoperitoneal Shunts -- 79. Circumcision -- 80. Patent Ductus Arteriosus Ligation -- 81. Tracheostomy -- Part 9. Resources -- 82. Note Templates -- 83. Common Medications -- 84. Vaccination Schedule -- 85. Developmental Milestones -- 86. Phone List -- 87. Index Case List.
|
| 520 |
|
|
|a Pediatric Surgery- Diagnosis and Treatment is a concise guide delivering clear and rapid assistance to surgical and pediatric providers alike in the diagnosis and treatment of common surgical diseases in children. It is a convenient focused review for trainees and active practitioners taking board examinations. Written by a team of pediatric specialists, Pediatric Surgery- Diagnosis and Treatment will provide both surgeons and pediatricians with rapid surgical review of cases ranging from neonatal to late teens.
|
| 650 |
|
0 |
|a Medicine.
|
| 650 |
|
0 |
|a Obstetrics.
|
| 650 |
|
0 |
|a Maternal and child health services.
|
| 650 |
|
0 |
|a Pediatric surgery.
|
| 650 |
1 |
4 |
|a Medicine & Public Health.
|
| 650 |
2 |
4 |
|a Pediatric Surgery.
|
| 650 |
2 |
4 |
|a Maternal and Child Health.
|
| 650 |
2 |
4 |
|a Obstetrics/Perinatology.
|
| 700 |
1 |
|
|a Coppola, Christopher P.
|e editor.
|
| 700 |
1 |
|
|a Kennedy, Jr., Alfred P.
|e editor.
|
| 700 |
1 |
|
|a Scorpio, Ronald J.
|e editor.
|
| 710 |
2 |
|
|a SpringerLink (Online service)
|
| 773 |
0 |
|
|t Springer eBooks
|
| 776 |
0 |
8 |
|i Printed edition:
|z 9783319043395
|
| 856 |
4 |
0 |
|u http://dx.doi.org/10.1007/978-3-319-04340-1
|z Full Text via HEAL-Link
|
| 912 |
|
|
|a ZDB-2-SME
|
| 950 |
|
|
|a Medicine (Springer-11650)
|